Turkish provinces by population - Statistics

General Stats
  • This quiz has been taken 181 times
  • The average score is 22 of 81
Answer Stats
Population Province % Correct
15,655,924 Istanbul
100%
5,803,482 Ankara
98%
4,479,525 Izmir
87%
3,214,571 Bursa
76%
2,696,249 Antalya
70%
2,320,241 Konya
64%
2,270,298 Adana
57%
2,164,134 Gaziantep
49%
2,213,964 Sanliurfa
49%
2,102,907 Kocaeli
43%
1,818,133 Diyarbakir
40%
1,938,389 Mersin
37%
1,445,683 Kayseri
36%
1,544,640 Hatay
35%
1,377,546 Samsun
35%
1,273,519 Balikesir
33%
1,127,612 Van
31%
824,352 Trabzon
30%
86,047 Bayburt
29%
1,475,716 Manisa
28%
1,059,082 Denizli
27%
749,993 Erzurum
27%
1,066,736 Mugla
27%
1,167,059 Tekirdag
27%
89,317 Tunceli
27%
915,418 Eskisehir
26%
1,161,702 Aydin
25%
1,116,618 Kahramanmaras
25%
1,098,115 Sakarya
25%
742,725 Malatya
24%
888,874 Mardin
24%
155,179 Kilis
22%
775,800 Ordu
22%
650,401 Sivas
22%
751,344 Afyonkarahisar
21%
92,819 Ardahan
21%
647,205 Batman
20%
570,499 Canakkale
20%
604,411 Elazig
20%
243,399 Erzincan
20%
350,506 Rize
20%
604,978 Adiyaman
19%
449,777 Isparta
19%
438,504 Aksaray
18%
228,058 Bilecik
18%
359,747 Bitlis
18%
419,913 Edirne
18%
461,712 Giresun
18%
148,539 Gumushane
18%
557,666 Osmaniye
18%
606,934 Tokat
18%
591,492 Zonguldak
18%
277,452 Burdur
17%
409,865 Duzce
17%
287,625 Hakkari
17%
255,242 Karabuk
17%
247,179 Kirsehir
17%
575,674 Kutahya
17%
315,994 Nevsehir
17%
347,412 Siirt
17%
377,001 Usak
17%
420,699 Yozgat
17%
339,529 Amasya
16%
172,356 Artvin
16%
285,655 Bingol
16%
528,351 Corum
16%
209,738 Igdir
16%
388,990 Kastamonu
16%
285,744 Kirikkale
16%
377,156 Kirklareli
16%
399,879 Mus
16%
377,080 Nigde
16%
229,716 Sinop
16%
570,745 Sirnak
16%
304,780 Yalova
16%
207,238 Bartin
15%
324,789 Bolu
15%
205,501 Cankiri
15%
263,960 Karaman
15%
278,335 Kars
15%
511,238 Agri
14%
No matching quizzes found
Score Distribution
Percent of People with Each Score
Percentile by Number Answered
Your Score History
You have not taken this quiz